000 00812cam a2200277 4500
001 4619360
003 ARRUPE
005 20140221171215.0
008 700501s1969 enkacf b 001 0beng
010 _a 77455602
015 _aB69-29360
020 _a0713609486
040 _aDLC
_cDLC
_dDLC
050 0 0 _aCT1098.S45
_bS35 1969
082 0 0 _a610/.92
_aB
100 1 _aSeaver, George,
_d1890-
_98899
245 0 0 _aAlbert Schweitzer: the man and his mind.
250 _a6th, definitive ed.
260 _aLondon,
_bBlack,
_c1969.
300 _axiii, 365 p., 24 plates.
_billus., ports.
_c24 cm.
350 _a35/-
504 _aIncludes bibliographical references.
600 1 0 _aSchweitzer, Albert,
_d1875-1965.
_98900
906 _a7
_bcbc
_corignew
_du
_encip
_f19
_gy-gencatlg
942 _2lcc
_cMONOGRAPH
999 _c120152
_d120152